| 000 | 00852nam a2200181 4500 | ||
|---|---|---|---|
| 001 | 879 | ||
| 005 | 20230411090049.0 | ||
| 008 | 060907n1998 dr spa | ||
| 020 | _a9211007976 | ||
| 035 | _9funglode883 | ||
| 041 | _aES | ||
| 110 | _aNaciones Unidas | ||
| 245 | 1 |
_aDocumentos de información de las Naciones Unidas, Los derechos humanos hoy : _b Una prioridad de las Naciones Unidas / _cNaciones Unidas |
|
| 260 |
_aNueva York : _bNaciones Unidas. Departamento de Información Pública, _c1998 |
||
| 300 | _a79 p. | ||
| 520 | _aDeclaración universal de derechos humanos, 5. -- Los derechos humanos en acción, 11. -- Un enfoque amplio de los derechos humanos, 21. -- Fortalecimiento de los derechos humanos a nivel nacional, 27. -- Lucha contra la discriminación, 36. -- Derechos humanos y conflictos, 50 | ||
| 942 |
_2lcc _cbk |
||
| 999 |
_c111835 _d111835 |
||